000 02272cam a2200289 4500500
005 20260111082235.0
041 _afre
042 _adc
100 1 0 _aMoraga Sariego, Pilar
_eauthor
245 0 0 _aLe dommage écologique face au juge environnemental au Chili
260 _c2020.
500 _a29
520 _aEn 2012, des tribunaux environnementaux ont été créés au Chili par la loi 20.600. Cette réforme législative a contribué au développement des éléments de la responsabilité environnementale, à travers une interprétation large de chacun de ses éléments par le juge environnemental. Il s’agit en particulier d’une nouvelle compréhension de l’intérêt à agir, du champ d’application de la présomption de responsabilité et de concepts ambigus, tel que celui du caractère significatif du dommage. L’analyse de la jurisprudence développée par le juge environnemental permet de constater que la création d’une justice spécialisée peut permettre, grâce au développement pointu de concepts juridiques, de renforcer l’accès à la justice et l’efficacité des normes environnementales.
520 _aEnvironmental courts were created in Chile in 2012, by law 20.600. This reform contributed to the development of the environmental liability elements, through a wide jurisprudential interpretation. This concerns the new understanding of the standing, the application of the presumption of responsibility and ambiguous concepts, such as "the significant damage". The environmental jurisprudence analysis shows that the specialized justice can contribute to improve the access to justice and the environmental standards effectiveness.
690 _adommage écologique
690 _aintérêt à agir
690 _ajuge environnemental
690 _aresponsabilité environnementale
690 _aresponsable du dommage
690 _aenvironmental courts
690 _aenvironmental damage
690 _aenvironmental liability
690 _aresponsible
690 _astanding
786 0 _nRevue juridique de l’environnement | Volume 45 | 3 | 2020-10-01 | p. 455-464 | 0397-0299
856 4 1 _uhttps://droit.cairn.info/revue-juridique-de-l-environnement-2020-3-page-455?lang=fr&redirect-ssocas=7080
999 _c1617155
_d1617155